000 00338nam a2200145Ia 4500
100 _aSAREEN KULDEEP/ GREWAL CHANDANDEEP
650 _aProduction.
942 _cBK
366 _f10
245 _aCAD/CAM THEORY & CONCEPTS
260 _bS.Chand & Co.
_aNew Delhi
_c2009
082 _a670.285/SAR/GRE
300 _a453
546 _aENGLISH
999 _c19584
_d19584